Państwa Graniczące z Sudanem - Statystyki

Ogólne statystyki
  • Ten quiz został rozwiązany 17 razy
  • Średni wynik to 5 z 7
Statystyki odpowiedzi
Państwo % Poprawnych
Egipt
93%
Sudan Południowy
93%
Czad
73%
Etiopia
73%
Erytrea
60%
Libia
53%
Republika Środkowoafrykańska
47%
Nie znaleziono quizów pasujących do podanych kryteriów
Rozkład punktacji
Procent ludzi z każdym wynikiem
Percentyl według liczby udzielonych odpowiedzi
Twoja historia wyników
Nie rozwiązałeś tego quizu